Top 10 Countries With The Most Trees - Statistics

General Stats
  • This quiz has been taken 95 times
  • The average score is 8 of 10
Answer Stats
Trees/Billion Country % Correct
302 Brazil
98%
318 Canada
98%
228 United States
98%
642 Russia
97%
140 China
93%
77 Australia
83%
57 Mexico
82%
101 Democratic Republic of Congo
80%
81 Indonesia
77%
59 Bolivia
42%
No matching quizzes found
Score Distribution
Percent of People with Each Score
Percentile by Number Answered
Your Score History
You have not taken this quiz